| 000 | 00712nam a2200229 a 4500 | ||
|---|---|---|---|
| 001 | 000048509 | ||
| 005 | 20201002061216.0 | ||
| 008 | 190326s2018 dr a 000 j spa d | ||
| 020 | _a9789945176919 | ||
| 040 |
_aDO-SdBNP _bspa _cBNPHU |
||
| 082 |
_axxx _bI12h |
||
| 100 | 1 |
_aIbarrola, Begoña _975605 |
|
| 245 | 1 | 0 |
_aCorreprisas y Tumbona / _cBegoña Ibarrola ; ilustraciones AVI. |
| 260 |
_aSanto Domingo, : _bSM, _c2018. |
||
| 300 |
_a31 p. : _bil. ; _c21 cm. |
||
| 490 | 1 |
_aCuentos para sentir ; _aEmociones ; |
|
| 500 | _aUn cuento sobre la ansiedad | ||
| 521 | _aA partir de 3 años | ||
| 590 | _aInventariado, 2019/ YL | ||
| 700 | 1 | 2 |
_aAVI _eil. _975929 |
| 830 | 0 |
_aCuentos para sentir _gEmociones _975927 |
|
| 999 |
_c47997 _d47997 |
||